Start the 'CAR' Quiz Stats

 Plays Quiz Updated Feb 23, 2019

Score 0/22 Timer 05:00
2 Plays Today
Clue CAR- word % Correct
Bugs Bunny eats this vegetableCarrot
98.6%
A song sung at ChristmastimeCarol
95.1%
'Fantasia,' 'The Jetsons, or 'Family Guy', e.g.Cartoon
94.4%
A animal that eats only meatCarnivore
93.7%
A craftsman who works in woodCarpenter
93.4%
A plush floor coveringCarpet
93.3%
Freight or any goods that are transportedCargo
88.9%
A red bird or a St. Louis baseballerCardinal
88.1%
Storage container for printer ink or tonerCartridge
87.1%
A doctor specializing in the heartCardiologist
86.3%
Candy component from heated sugarCaramel
80.8%
Clue CAR- word % Correct
Diamond or graphite, essentiallyCarbon
79.6%
A lateral handspring with limbs outCartwheel
78.2%
A merry-go-roundCarousel
74.1%
Sea north of South AmericaCaribbean
70.5%
Part of an engine that blends air and fuelCarburetor
70.5%
An agent that causes cancerCarcinogen
70%
A New World antlered reindeerCaribou
70%
Flower often used as a boutonnièreCarnation
69.9%
Capital of VenezuelaCaracas
57%
OPEC, for exampleCartel
53.5%
A spring-hinged metal ring used in climbingCarabiner
36.5%

You're not logged in!

Compare scores with friends on all Sporcle quizzes.
OR
Log In

Show Comments

Extras

Top Quizzes Today


Score Distribution

Your Account Isn't Verified!

In order to create a playlist on Sporcle, you need to verify the email address you used during registration. Go to your Sporcle Settings to finish the process.

Report this User

Report this user for behavior that violates our Community Guidelines.

Details: